Music Quiz

Random Music or Bands Quiz

Sporcle's Top 10 Pink Floyd Songs Quiz Stats

 Plays Quiz not verified by Sporcle

Challenge
Share
Tweet
Embed
Score 0/10 Timer 06:00
0 Plays Today
# of Votes Song % Correct
47Another Brick in the Wall, Part 2
88.8%
66Comfortably Numb
86.9%
79Wish You Were Here
86.3%
42Time
80.1%
61Shine On You Crazy Diamond
65.8%
45Brain Damage/Eclipse
60.6%
29Us and Them
58.9%
31Pigs (Three Different Ones)
58.1%
31Hey You
57%
35Dogs
55.6%

You're not logged in!

Compare scores with friends on all Sporcle quizzes.
OR
Log In

You Might Also Like...

Show Comments

Extras

Top Quizzes Today


Score Distribution

Your Account Isn't Verified!

In order to create a playlist on Sporcle, you need to verify the email address you used during registration. Go to your Sporcle Settings to finish the process.

Report this User

Report this user for behavior that violates our Community Guidelines.

Details: